000 00711nam a2200229 4500
003 MX-MxINE
005 20260530113919.0
008 260513b2011 mx a|||| |||| 00| 0 spa d
040 _aMX-MxINE
_bspa
_cMX-MxINE
_erda
041 _aspa
050 _aNK2110
_bL39
245 _aLayout :
_binteriorismo + diseño + arquitectura
264 _aMéxico :
_bLayout ,
_c2011
300 _avolúmenes :
_bilustraciones
336 _2rdacontent
_atexto
337 _2rdamedia
_asin medio
338 _2rdacarrier
_avolumen
505 _tAño 1 No.2 Julio-Agosto 2011
650 4 _aDecoracion interior
_vPublicaciones periodicas
_934395
650 4 _aArquitectura
_vPublicaciones periodicas
_934396
942 _2lcc
_n1
_cBK
999 _c12375
_d12375